Estadísticas para Estados de Estados Unidos Alargado

Haz click aquí para intentar la prueba.

Estadísticas generales

  • Esta prueba ha sido intentada 50 veces
  • La puntuación promedio es 43 de 50

Respuestas en el mapa

Las respuestas están codificadas por una escala verde-roja en el mapa de la prueba según el % correcto abajo.
 

Estadísticas de respuestas

Respuesta% Correcto
Alaska
100%
California
100%
Florida
100%
Texas
100%
Alabama
98%
Háwai
98%
Nueva York
98%
Washington
98%
Arizona
96%
Arkansas
96%
Nuevo Mexico
96%
Colorado
94%
Indiana
91%
Carolina del Norte
89%
Carolina del Sur
89%
Illinois
89%
Misuri
89%
Nevada
89%
Utah
89%
Virginia
89%
Kentucky
87%
Oregón
87%
Wyoming
87%
Delaware
85%
Maine
85%
Maryland
85%
Misisipi
85%
Wisconsin
85%
Idaho
83%
Kansas
83%
Luisiana
83%
Michigan
83%
Minnesota
83%
Montana
83%
Ohio
83%
Oklahoma
83%
Dakota del Norte
81%
Dakota del Sur
81%
Georgia
81%
Nebraska
81%
Virginia Occidental
81%
Connecticut
79%
Massachusetts
79%
Nueva Jersey
79%
Pensilvania
79%
Rhode Island
79%
Tennessee
79%
Vermont
79%
Iowa
77%
Nuevo Hampshire
77%

Distribución de puntuación

Porcentaje por número respondido

Porcentaje de gente con cada puntuación

Historial de tus puntuaciones

No has intentado esta prueba.